000
00324nam a22001337a 4500
008
210304b ||||| |||| 00| 0 eng d
020
_a
9781269358668
041
_a
eng
080
_2
2nd
_a
510
100
_a
36
101
_a
MAT
245
_a
College Algebra with Modeling & Visualization
_c
Rockswold,K.R
942
_2
udc
_c
BK
999
_c
55757
_d
55757